00948ngm a2200325 4500003000400000005001700004007000500021008004100026010002000067024002200087035002000109040001300129082001300142245007700155260002900232300005100261440003200312500004900344538004900393650001900442700001900461700001800480700001100498700001800509700001600527700001800543700002200561700001700583700002200600dpl20100317101240.0DVD ||||||sp199 xxu|||||c ||| 00| 0 ng d  aDVD-006801-6809 aSHE 392 F2c49.00 aDVD-006801-9809 aDPLcDPL aDVD ACHA aAchanakcN. C. Sippy & Hrikesh Mukherjee Presentsh[videorecording] VCD/ bShemaroo Video Pvt. Ltd. a2 videodisc VCD; bsd., col. ;c4 3/4 in.fVCD aShemaroo Home Entertainment aDigitally Re-Mastered From the Original Film aDolby Digital 5.1 - Hindi Subtitles: English aMotion Picture aSippy, Romu N. aSippy, Raj N. aGulzar aDesai, Vasant aHema Malini aKhanna, Vinod aChakraborty, Lily aFarida Jalal aChakraborty, Lily